|
|
|
|
| LEADER |
00000naa2a2200000 4500 |
| 001 |
237234 |
| 005 |
20231031204827.0 |
| 035 |
|
|
|a (RuTPU)RU\TPU\book\258406
|
| 035 |
|
|
|a RU\TPU\book\258352
|
| 090 |
|
|
|a 237234
|
| 100 |
|
|
|a 20130513d2011 k y0rusy50 ca
|
| 101 |
0 |
|
|a rus
|
| 102 |
|
|
|a RU
|
| 200 |
1 |
|
|a Сравнительный анализ кластеров и территориально-производственных комплексов
|f М. В. Порваткина
|
| 225 |
1 |
|
|a Экономика современных предприятий и отраслей
|
| 320 |
|
|
|a Библиогр.: с. 181 (4 назв.)
|
| 463 |
|
0 |
|0 (RuTPU)RU\TPU\book\250468
|t Экономика России в XXI веке
|o сборник научных трудов VIII Всероссийской научно-практической конференции "Фундаментальные проблемы модернизации экономики России", г. Томск, 15-18 ноября 2011 г.
|f Национальный исследовательский Томский политехнический университет (ТПУ), Инженерно-экономический факультет ; под ред. Г. А. Барышевой, Л. М. Борисовой
|v С. 180-181
|d 2011
|p 420 с.
|
| 610 |
1 |
|
|a кластеры
|
| 610 |
1 |
|
|a территориально-промышленные комплексы
|
| 610 |
1 |
|
|a сравнительный анализ
|
| 610 |
1 |
|
|a условия глобализации
|
| 610 |
1 |
|
|a регионы
|
| 610 |
1 |
|
|a региональная экономика
|
| 610 |
1 |
|
|a конкурентоспособность
|
| 700 |
|
1 |
|a Порваткина
|b М. В.
|
| 801 |
|
1 |
|a RU
|b 63413507
|c 20121214
|
| 801 |
|
2 |
|a RU
|b 63413507
|c 20130603
|g RCR
|
| 942 |
|
|
|c BK
|